[Event "Is Bankasi Online Satranc Turn.13-14 Yas"]
[Site "T#645826Mustafa Kemal"]
[Date "2020.05.08"]
[Round "1"]
[White "Dorukcagandemi20"]
[Black "Ardahanyigitag24"]
[Result "1-0"]
[WhiteElo "1620"]
[BlackElo "1620"]
[Annotator "NA RC"]
[PlyCount "23"]
[EventDate "2020.05.08"]
[EventType "swiss (blitz)"]

1. e4 {[%emt 0:00:18]} e5 {[%emt 0:00:02]} 2. Nf3 {[%emt 0:00:09]} Nc6 {[%emt 0:00:01]} 3. Bc4 {[%emt 0:00:02]} Nf6 {[%emt 0:00:06]} 4. d3 {[%emt 0:00:14]} Bc5 {[%emt 0:00:05]} 5. O-O {[%emt 0:00:07]} d5 {[%emt 0:00:14]} 6. exd5 {[%emt 0:00:07]} Nxd5 {[%emt 0:00:04]} 7. Re1 {[%emt 0:00:06]} f6 {[%emt 0:00:08]} 8. c3 {[%emt 0:00:07]} Bg4 {[%emt 0:00:12]} 9. Nxe5 {[%emt 0:00:27]} fxe5 {[%emt 0:00:07]} 10. Qxg4 {[%emt 0:00:07]} Nf6 {[%emt 0:00:18]} 11. Qxg7 {[%emt 0:00:13]} Rg8 {[%emt 0:00:09]} 12. Qf7# {[%emt 0:00:08] (Lag: Av=1.06s, max=2.0s)} 1-0

[Event "Is Bankasi Online Satranc Turn.13-14 Yas"]
[Site "T#645826Mustafa Kemal"]
[Date "2020.05.08"]
[Round "1"]
[White "Efehanbasaran68"]
[Black "Boratuncaya04"]
[Result "1-0"]
[WhiteElo "1620"]
[BlackElo "1620"]
[Annotator "NA RC"]
[PlyCount "89"]
[EventDate "2020.05.08"]
[EventType "swiss (blitz)"]

1. e4 {[%emt 0:00:02]} e5 {[%emt 0:00:08]} 2. Nf3 {[%emt 0:00:02]} Nc6 {[%emt 0:00:04]} 3. Bc4 {[%emt 0:00:02]} f6 {[%emt 0:00:09]} 4. Nc3 {[%emt 0:00:07]} Nge7 {[%emt 0:00:03]} 5. d3 {[%emt 0:00:06]} d6 {[%emt 0:00:02]} 6. h3 {[%emt 0:00:02]} Ng6 {[%emt 0:00:09]} 7. O-O {[%emt 0:00:12]} Nf4 {[%emt 0:00:09]} 8. Bxf4 {[%emt 0:00:07]} exf4 {[%emt 0:00:03]} 9. Qd2 {[%emt 0:00:14]} Ne5 {[%emt 0:00:05]} 10. Qxf4 {[%emt 0:00:08]} Be7 {[%emt 0:00:06]} 11. Nxe5 {[%emt 0:00:13]} dxe5 {[%emt 0:00:03]} 12. Qg3 {[%emt 0:00:17]} g5 {[%emt 0:00:03]} 13. Nd5 {[%emt 0:00:24]} c6 {[%emt 0:00:06]} 14. Ne3 {[%emt 0:00:14]} Bc5 {[%emt 0:00:12]} 15. Nf5 {[%emt 0:00:23]} Bxf5 {[%emt 0:00:08]} 16. exf5 {[%emt 0:00:00]} Qc7 {[%emt 0:00:13]} 17. Rfe1 {[%emt 0:00:19]} O-O-O {[%emt 0:00:08]} 18. Be6+ {[%emt 0:00:07]} Kb8 {[%emt 0:00:05]} 19. Qg4 {[%emt 0:00:08]} Rhe8 {[%emt 0:00:08]} 20. Qa4 {[%emt 0:00:03]} a6 {[%emt 0:00:05]} 21. b4 {[%emt 0:00:06]} Ba7 {[%emt 0:00:06]} 22. c4 {[%emt 0:00:10]} Rd4 {[%emt 0:00:21]} 23. b5 {[%emt 0:00:13]} axb5 {[%emt 0:00:06]} 24. Qb4 {[%emt 0:00:01]} bxc4 {[%emt 0:00:05]} 25. dxc4 {[%emt 0:00:00]} Bb6 {[%emt 0:00:03]} 26. Rad1 {[%emt 0:00:05]} Rxd1 {[%emt 0:00:03]} 27. Rxd1 {[%emt 0:00:01]} Rd8 {[%emt 0:00:06]} 28. Rxd8+ {[%emt 0:00:04]} Qxd8 {[%emt 0:00:02]} 29. c5 {[%emt 0:00:00]} Ba7 {[%emt 0:00:04]} 30. a4 {[%emt 0:00:01]} Qd1+ {[%emt 0:00:09]} 31. Kh2 {[%emt 0:00:03]} Qd8 {[%emt 0:00:13]} 32. a5 {[%emt 0:00:01]} b6 {[%emt 0:00:07]} 33. cxb6 {[%emt 0:00:01]} Bxb6 {[%emt 0:00:30]} 34. axb6 {[%emt 0:00:00]} Kb7 {[%emt 0:00:01]} 35. Qa5 {[%emt 0:00:02]} Qxb6 {[%emt 0:00:01]} 36. Qxb6+ {[%emt 0:00:02]} Kxb6 {[%emt 0:00:01]} 37. Kg3 {[%emt 0:00:00]} c5 {[%emt 0:00:01]} 38. Kf3 {[%emt 0:00:01]} Kb5 {[%emt 0:00:01]} 39. Ke3 {[%emt 0:00:01]} c4 {[%emt 0:00:01]} 40. Kd2 {[%emt 0:00:02]} Kb4 {[%emt 0:00:03]} 41. f3 {[%emt 0:00:03]} c3+ {[%emt 0:00:06]} 42. Kc1 {[%emt 0:00:01]} Ka3 {[%emt 0:00:02]} 43. Kc2 {[%emt 0:00:01]} Kb4 {[%emt 0:00:01]} 44. g4 {[%emt 0:00:03]} h6 {[%emt 0:00:03]} 45. Bg8 {[%emt 0:00:02] Zaman (Lag: Av=1.24s, max=6.6s)} 1-0

[Event "Is Bankasi Online Satranc Turn.13-14 Yas"]
[Site "T#645826Mustafa Kemal"]
[Date "2020.05.08"]
[Round "1"]
[White "Efemetehanyavu96"]
[Black "Tahasahin54"]
[Result "0-1"]
[WhiteElo "1620"]
[BlackElo "1620"]
[Annotator "NA RC"]
[PlyCount "78"]
[EventDate "2020.05.08"]
[EventType "swiss (blitz)"]

1. Nf3 {[%emt 0:00:03]} Nf6 {[%emt 0:00:01]} 2. b3 {[%emt 0:00:03]} g6 {[%emt 0:00:02]} 3. Bb2 {[%emt 0:00:01]} Bg7 {[%emt 0:00:01]} 4. g3 {[%emt 0:00:00]} O-O {[%emt 0:00:01]} 5. Bg2 {[%emt 0:00:01]} d6 {[%emt 0:00:02]} 6. O-O {[%emt 0:00:03]} c5 {[%emt 0:00:02]} 7. c4 {[%emt 0:00:03]} Nc6 {[%emt 0:00:02]} 8. d3 {[%emt 0:00:02]} a6 {[%emt 0:00:17]} 9. Nbd2 {[%emt 0:00:11]} Rb8 {[%emt 0:00:03]} 10. Ne1 {[%emt 0:00:24]} Qc7 {[%emt 0:00:05]} 11. Nc2 {[%emt 0:00:04]} b5 {[%emt 0:00:11]} 12. Ne3 {[%emt 0:00:02]} e6 {[%emt 0:00:11]} 13. Rc1 {[%emt 0:00:31]} Bb7 {[%emt 0:00:04]} 14. a3 {[%emt 0:00:06]} Qd7 {[%emt 0:00:12]} 15. Nf3 {[%emt 0:00:10]} e5 {[%emt 0:00:44]} 16. Qd2 {[%emt 0:00:14]} Nd4 {[%emt 0:00:04]} 17. Nxd4 {[%emt 0:00:13]} exd4 {[%emt 0:00:05]} 18. Nc2 {[%emt 0:00:22]} Bxg2 {[%emt 0:00:05]} 19. Kxg2 {[%emt 0:00:00]} bxc4 {[%emt 0:00:10]} 20. dxc4 {[%emt 0:00:18]} Rxb3 {[%emt 0:00:03]} 21. Ne1 {[%emt 0:00:01]} Qb7+ {[%emt 0:00:02]} 22. Kg1 {[%emt 0:00:11]} Rxb2 {[%emt 0:00:02]} 23. Qd3 {[%emt 0:00:12]} Re8 {[%emt 0:00:05]} 24. Nc2 {[%emt 0:00:05]} Qe4 {[%emt 0:00:09]} 25. Ne1 {[%emt 0:00:20]} Qxe2 {[%emt 0:00:10]} 26. Qxe2 {[%emt 0:00:01]} Rexe2 {[%emt 0:00:02]} 27. Nd3 {[%emt 0:00:00]} Rbd2 {[%emt 0:00:02]} 28. Nf4 {[%emt 0:00:01]} Re8 {[%emt 0:00:04]} 29. Rb1 {[%emt 0:00:03]} Bh6 {[%emt 0:00:04]} 30. Nh3 {[%emt 0:00:01]} g5 {[%emt 0:00:13]} 31. Rb6 {[%emt 0:00:06]} Re6 {[%emt 0:00:03]} 32. Rxa6 {[%emt 0:00:08]} g4 {[%emt 0:00:02]} 33. Nf4 {[%emt 0:00:00]} Bxf4 {[%emt 0:00:01]} 34. gxf4 {[%emt 0:00:00]} Nh5 {[%emt 0:00:02]} 35. Kg2 {[%emt 0:00:04]} Rd3 {[%emt 0:00:05]} 36. f5 {[%emt 0:00:02]} Nf4+ {[%emt 0:00:02]} 37. Kh1 {[%emt 0:00:00]} Rh6 {[%emt 0:00:03]} 38. f3 {[%emt 0:00:07]} Rd2 {[%emt 0:00:03]} 39. Ra8+ {[%emt 0:00:05] Efemetehanyavu96 resigns} Kg7 {[%emt 0:00:03]} 0-1

[Event "Is Bankasi Online Satranc Turn.13-14 Yas"]
[Site "T#645826Mustafa Kemal"]
[Date "2020.05.08"]
[Round "1"]
[White "Efesoganci12"]
[Black "Abdullahakarca18"]
[Result "1-0"]
[WhiteElo "1620"]
[BlackElo "1620"]
[Annotator "NA RC"]
[PlyCount "121"]
[EventDate "2020.05.08"]
[EventType "swiss (blitz)"]

1. Nf3 {[%emt 0:00:09]} d5 {[%emt 0:00:07]} 2. g3 {[%emt 0:00:05]} Nf6 {[%emt 0:00:02]} 3. Bg2 {[%emt 0:00:05]} h6 {[%emt 0:00:02]} 4. O-O {[%emt 0:00:05]} e6 {[%emt 0:00:02]} 5. d4 {[%emt 0:00:11]} Be7 {[%emt 0:00:02]} 6. Nc3 {[%emt 0:00:04]} O-O {[%emt 0:00:05]} 7. Bf4 {[%emt 0:00:06]} Nc6 {[%emt 0:00:08]} 8. Nb5 {[%emt 0:00:06]} Bd6 {[%emt 0:00:13]} 9. Bxd6 {[%emt 0:00:08]} cxd6 {[%emt 0:00:02]} 10. Re1 {[%emt 0:00:11]} Re8 {[%emt 0:00:06]} 11. Nc3 {[%emt 0:00:05]} b6 {[%emt 0:00:10]} 12. e4 {[%emt 0:00:18]} dxe4 {[%emt 0:00:02]} 13. Nxe4 {[%emt 0:00:03]} Nb8 {[%emt 0:00:21]} 14. Nxf6+ {[%emt 0:00:05]} Qxf6 {[%emt 0:00:02]} 15. Nh4 {[%emt 0:00:15]} d5 {[%emt 0:00:03]} 16. b3 {[%emt 0:00:11]} Nd7 {[%emt 0:00:04]} 17. Nf3 {[%emt 0:00:04]} Qd8 {[%emt 0:00:05]} 18. Ne5 {[%emt 0:00:03]} Nf6 {[%emt 0:00:14]} 19. Nc6 {[%emt 0:00:08]} Qc7 {[%emt 0:00:12]} 20. Nb4 {[%emt 0:00:04]} a5 {[%emt 0:00:12]} 21. Nd3 {[%emt 0:00:05]} Bb7 {[%emt 0:00:19]} 22. c4 {[%emt 0:00:12]} Rad8 {[%emt 0:00:04]} 23. cxd5 {[%emt 0:00:05]} exd5 {[%emt 0:00:08]} 24. Rxe8+ {[%emt 0:00:07]} Rxe8 {[%emt 0:00:02]} 25. Bf3 {[%emt 0:00:08]} Bc8 {[%emt 0:00:05]} 26. Ne5 {[%emt 0:00:04]} Be6 {[%emt 0:00:25]} 27. Rc1 {[%emt 0:00:07]} Qd8 {[%emt 0:00:05]} 28. Nc6 {[%emt 0:00:05]} Qd7 {[%emt 0:00:03]} 29. Ne5 {[%emt 0:00:02]} Qe7 {[%emt 0:00:04]} 30. Nc6 {[%emt 0:00:05]} Qd7 {[%emt 0:00:02]} 31. Ne5 {[%emt 0:00:02]} Qd6 {[%emt 0:00:04]} 32. Rc6 {[%emt 0:00:04]} Qe7 {[%emt 0:00:03]} 33. Rxb6 {[%emt 0:00:07]} Rc8 {[%emt 0:00:05]} 34. Nc6 {[%emt 0:00:04]} Qc7 {[%emt 0:00:03]} 35. Ne7+ {[%emt 0:00:09]} Qxe7 {[%emt 0:00:09]} 36. Ra6 {[%emt 0:00:03]} Qc7 {[%emt 0:00:07]} 37. a3 {[%emt 0:00:06]} Rb8 {[%emt 0:00:01]} 38. b4 {[%emt 0:00:04]} Qc8 {[%emt 0:00:01]} 39. Rxa5 {[%emt 0:00:02]} Rb7 {[%emt 0:00:01]} 40. Bxd5 {[%emt 0:00:03]} Bxd5 {[%emt 0:00:01]} 41. Qe2 {[%emt 0:00:04]} Rc7 {[%emt 0:00:01]} 42. Rc5 {[%emt 0:00:03]} Rxc5 {[%emt 0:00:02]} 43. dxc5 {[%emt 0:00:01]} Qd8 {[%emt 0:00:02]} 44. b5 {[%emt 0:00:04]} h5 {[%emt 0:00:01]} 45. b6 {[%emt 0:00:01]} Ng4 {[%emt 0:00:01]} 46. b7 {[%emt 0:00:02]} Bc4 {[%emt 0:00:03]} 47. Qxc4 {[%emt 0:00:03]} Qd1+ {[%emt 0:00:01]} 48. Qf1 {[%emt 0:00:03]} Qxf1+ {[%emt 0:00:02]} 49. Kxf1 {[%emt 0:00:01]} Nf6 {[%emt 0:00:00]} 50. b8=Q+ {[%emt 0:00:02]} Kh7 {[%emt 0:00:02]} 51. Qb7 {[%emt 0:00:01]} Kg6 {[%emt 0:00:02]} 52. Qb6 {[%emt 0:00:02]} Kh7 {[%emt 0:00:03]} 53. c6 {[%emt 0:00:01]} Ne8 {[%emt 0:00:03]} 54. c7 {[%emt 0:00:01]} Kg8 {[%emt 0:00:04]} 55. c8=Q {[%emt 0:00:02]} Kf8 {[%emt 0:00:01]} 56. Qbd8 {[%emt 0:00:02]} Kg8 {[%emt 0:00:01]} 57. Qxe8+ {[%emt 0:00:01]} Kh7 {[%emt 0:00:00]} 58. Qxf7 {[%emt 0:00:02]} Kh6 {[%emt 0:00:03]} 59. Qe7 {[%emt 0:00:03]} h4 {[%emt 0:00:02]} 60. Qee6+ {[%emt 0:00:02]} Kh7 {[%emt 0:00:02]} 61. Qcg8# {[%emt 0:00:02] (Lag: Av=0.73s, max=6.8s)} 1-0

[Event "Is Bankasi Online Satranc Turn.13-14 Yas"]
[Site "T#645826Mustafa Kemal"]
[Date "2020.05.08"]
[Round "1"]
[White "Egemenkorkmaz54"]
[Black "tunckucuknane94"]
[Result "1-0"]
[WhiteElo "1620"]
[BlackElo "1620"]
[Annotator "NA RC"]
[PlyCount "51"]
[EventDate "2020.05.08"]
[EventType "swiss (blitz)"]

1. e4 {[%emt 0:00:06]} e6 {[%emt 0:00:01]} 2. d4 {[%emt 0:00:02]} d5 {[%emt 0:00:01]} 3. exd5 {[%emt 0:00:02]} exd5 {[%emt 0:00:01]} 4. Nf3 {[%emt 0:00:02]} Nf6 {[%emt 0:00:02]} 5. Bf4 {[%emt 0:00:11]} Bd6 {[%emt 0:00:05]} 6. Bg3 {[%emt 0:00:04]} O-O {[%emt 0:00:03]} 7. Be2 {[%emt 0:00:03]} Ne4 {[%emt 0:00:13]} 8. Nbd2 {[%emt 0:00:15]} f5 {[%emt 0:00:24]} 9. O-O {[%emt 0:00:29]} g5 {[%emt 0:00:45]} 10. Bxd6 {[%emt 0:00:23]} Qxd6 {[%emt 0:00:04]} 11. Ne5 {[%emt 0:00:08]} c5 {[%emt 0:00:18]} 12. c3 {[%emt 0:00:37]} Nc6 {[%emt 0:00:32]} 13. Nxc6 {[%emt 0:00:14]} bxc6 {[%emt 0:00:00]} 14. Nb3 {[%emt 0:00:21]} g4 {[%emt 0:00:50]} 15. f3 {[%emt 0:00:13]} gxf3 {[%emt 0:00:03]} 16. Bxf3 {[%emt 0:00:01]} Ng5 {[%emt 0:00:02]} 17. Nxc5 {[%emt 0:00:09]} f4 {[%emt 0:00:02]} 18. Qd2 {[%emt 0:00:09]} Rf7 {[%emt 0:00:03]} 19. Rae1 {[%emt 0:00:02]} Rg7 {[%emt 0:00:06]} 20. Nd3 {[%emt 0:00:02]} Nh3+ {[%emt 0:00:02]} 21. Kh1 {[%emt 0:00:01]} Ng5 {[%emt 0:00:05]} 22. Qxf4 {[%emt 0:00:03]} Qh6 {[%emt 0:00:01]} 23. Qd2 {[%emt 0:00:03]} Nh3 {[%emt 0:00:02]} 24. Qxh6 {[%emt 0:00:01]} Rxg2 {[%emt 0:00:02]} 25. Bxg2 {[%emt 0:00:03]} Ba6 {[%emt 0:00:04]} 26. Bxh3 {[%emt 0:00:03] Zaman} 1-0

[Event "Is Bankasi Online Satranc Turn.13-14 Yas"]
[Site "T#645826Mustafa Kemal"]
[Date "2020.05.08"]
[Round "1"]
[White "Emrealtin54"]
[Black "Beratkocu96"]
[Result "0-1"]
[WhiteElo "1620"]
[BlackElo "1620"]
[Annotator "NA RC"]
[PlyCount "106"]
[EventDate "2020.05.08"]
[EventType "swiss (blitz)"]

1. e4 {[%emt 0:00:02]} c6 {[%emt 0:00:01]} 2. d4 {[%emt 0:00:01]} d5 {[%emt 0:00:00]} 3. exd5 {[%emt 0:00:01]} cxd5 {[%emt 0:00:00]} 4. Nf3 {[%emt 0:00:01]} Nc6 {[%emt 0:00:00]} 5. Bd3 {[%emt 0:00:02]} Bg4 {[%emt 0:00:01]} 6. c3 {[%emt 0:00:01]} Nf6 {[%emt 0:00:01]} 7. O-O {[%emt 0:00:03]} e6 {[%emt 0:00:01]} 8. Bg5 {[%emt 0:00:02]} h6 {[%emt 0:00:04]} 9. Bh4 {[%emt 0:00:02]} Bd6 {[%emt 0:00:06]} 10. Nbd2 {[%emt 0:00:04]} Rc8 {[%emt 0:00:04]} 11. Qb3 {[%emt 0:00:16]} b6 {[%emt 0:00:11]} 12. Bb5 {[%emt 0:00:05]} O-O {[%emt 0:00:03]} 13. Qa4 {[%emt 0:00:16]} Qc7 {[%emt 0:00:03]} 14. Bxf6 {[%emt 0:00:06]} gxf6 {[%emt 0:00:00]} 15. Bxc6 {[%emt 0:00:13]} Qxc6 {[%emt 0:00:02]} 16. Qxc6 {[%emt 0:00:01]} Rxc6 {[%emt 0:00:01]} 17. h3 {[%emt 0:00:01]} Bf5 {[%emt 0:00:07]} 18. Nb3 {[%emt 0:00:10]} b5 {[%emt 0:00:14]} 19. a4 {[%emt 0:00:07]} b4 {[%emt 0:00:12]} 20. Rfc1 {[%emt 0:00:22]} bxc3 {[%emt 0:00:06]} 21. Rxc3 {[%emt 0:00:12]} Rxc3 {[%emt 0:00:06]} 22. bxc3 {[%emt 0:00:00]} Rc8 {[%emt 0:00:01]} 23. Rc1 {[%emt 0:00:07]} Ba3 {[%emt 0:00:20]} 24. Ra1 {[%emt 0:00:28]} Bb2 {[%emt 0:00:07]} 25. Ra2 {[%emt 0:00:06]} Bxc3 {[%emt 0:00:01]} 26. Nc5 {[%emt 0:00:04]} Bxd4 {[%emt 0:00:16]} 27. Nxd4 {[%emt 0:00:05]} Rxc5 {[%emt 0:00:01]} 28. Nxf5 {[%emt 0:00:01]} exf5 {[%emt 0:00:00]} 29. Ra3 {[%emt 0:00:07]} Kf8 {[%emt 0:00:12]} 30. Rf3 {[%emt 0:00:07]} d4 {[%emt 0:00:02]} 31. Rf4 {[%emt 0:00:11]} Rd5 {[%emt 0:00:02]} 32. Kf1 {[%emt 0:00:03]} Ke7 {[%emt 0:00:04]} 33. Ke2 {[%emt 0:00:01]} Ke6 {[%emt 0:00:11]} 34. Kd3 {[%emt 0:00:02]} Ke5 {[%emt 0:00:03]} 35. Rh4 {[%emt 0:00:02]} f4 {[%emt 0:00:12]} 36. Rxh6 {[%emt 0:00:07]} Ra5 {[%emt 0:00:10]} 37. Rh5+ {[%emt 0:00:12]} f5 {[%emt 0:00:02]} 38. g4 {[%emt 0:00:04]} Rxa4 {[%emt 0:00:05]} 39. Rxf5+ {[%emt 0:00:03]} Ke6 {[%emt 0:00:02]} 40. f3 {[%emt 0:00:16]} a5 {[%emt 0:00:08]} 41. Rxf4 {[%emt 0:00:02]} f6 {[%emt 0:00:09]} 42. Rxd4 {[%emt 0:00:02]} Ra3+ {[%emt 0:00:02]} 43. Ke4 {[%emt 0:00:02]} a4 {[%emt 0:00:01]} 44. h4 {[%emt 0:00:01]} Ra1 {[%emt 0:00:02]} 45. h5 {[%emt 0:00:01]} a3 {[%emt 0:00:01]} 46. Ra4 {[%emt 0:00:01]} a2 {[%emt 0:00:02]} 47. Kd3 {[%emt 0:00:02]} Ke5 {[%emt 0:00:02]} 48. Ke3 {[%emt 0:00:02]} Re1+ {[%emt 0:00:09]} 49. Kf2 {[%emt 0:00:02]} a1=Q {[%emt 0:00:01]} 50. Rxa1 {[%emt 0:00:04]} Rxa1 {[%emt 0:00:00]} 51. Kg3 {[%emt 0:00:01]} Rg1+ {[%emt 0:00:01]} 52. Kh4 {[%emt 0:00:01]} Kf4 {[%emt 0:00:01]} 53. h6 {[%emt 0:00:04]} Rh1# {[%emt 0:00:01] (Lag: Av=0.66s, max=4.0s)} 0-1

[Event "Is Bankasi Online Satranc Turn.13-14 Yas"]
[Site "T#645826Mustafa Kemal"]
[Date "2020.05.08"]
[Round "1"]
[White "Faikyigityalci76"]
[Black "Ziyaakyol54"]
[Result "1-0"]
[WhiteElo "1620"]
[BlackElo "1293"]
[Annotator "NA RC"]
[PlyCount "113"]
[EventDate "2020.05.08"]
[EventType "swiss (blitz)"]

1. e4 {[%emt 0:00:03]} e5 {[%emt 0:00:38]} 2. Nf3 {[%emt 0:00:01]} Nc6 {[%emt 0:00:01]} 3. Bb5 {[%emt 0:00:03]} d6 {[%emt 0:00:03]} 4. d4 {[%emt 0:00:04]} Nf6 {[%emt 0:00:03]} 5. Nc3 {[%emt 0:00:23]} Bd7 {[%emt 0:00:10]} 6. dxe5 {[%emt 0:00:17]} dxe5 {[%emt 0:00:03]} 7. Bxc6 {[%emt 0:00:05]} Bxc6 {[%emt 0:00:03]} 8. Qxd8+ {[%emt 0:00:06]} Rxd8 {[%emt 0:00:00]} 9. Nxe5 {[%emt 0:00:03]} Bxe4 {[%emt 0:00:06]} 10. Nxe4 {[%emt 0:00:09]} Nxe4 {[%emt 0:00:03]} 11. Be3 {[%emt 0:00:10]} f6 {[%emt 0:00:05]} 12. Nd3 {[%emt 0:00:07]} b6 {[%emt 0:00:05]} 13. O-O {[%emt 0:00:07]} Bc5 {[%emt 0:00:20]} 14. Nxc5 {[%emt 0:00:09]} Nxc5 {[%emt 0:00:04]} 15. Bxc5 {[%emt 0:00:04]} bxc5 {[%emt 0:00:00]} 16. Rfe1+ {[%emt 0:00:02]} Kf7 {[%emt 0:00:03]} 17. Re3 {[%emt 0:00:08]} Rhe8 {[%emt 0:00:03]} 18. Rae1 {[%emt 0:00:13]} g5 {[%emt 0:00:26]} 19. Kf1 {[%emt 0:00:08]} f5 {[%emt 0:00:07]} 20. Re5 {[%emt 0:00:12]} Rxe5 {[%emt 0:00:25]} 21. Rxe5 {[%emt 0:00:04]} Kf6 {[%emt 0:00:00]} 22. Rxc5 {[%emt 0:00:03]} Rd1+ {[%emt 0:00:05]} 23. Ke2 {[%emt 0:00:02]} Ra1 {[%emt 0:00:01]} 24. a3 {[%emt 0:00:03]} Ra2 {[%emt 0:00:04]} 25. Rxc7 {[%emt 0:00:16]} h5 {[%emt 0:00:03]} 26. Rxa7 {[%emt 0:00:07]} Rxb2 {[%emt 0:00:01]} 27. Kd3 {[%emt 0:00:04]} Rb1 {[%emt 0:00:05]} 28. Kd4 {[%emt 0:00:13]} Rh1 {[%emt 0:00:06]} 29. Ra6+ {[%emt 0:00:01]} Kg7 {[%emt 0:00:08]} 30. h3 {[%emt 0:00:06]} Rd1+ {[%emt 0:00:04]} 31. Ke5 {[%emt 0:00:02]} f4 {[%emt 0:00:10]} 32. Kf5 {[%emt 0:00:03]} Rd5+ {[%emt 0:00:11]} 33. Ke4 {[%emt 0:00:07]} Rd2 {[%emt 0:00:09]} 34. Kf5 {[%emt 0:00:12]} Rxf2 {[%emt 0:00:04]} 35. Kxg5 {[%emt 0:00:04]} Rxg2+ {[%emt 0:00:01]} 36. Kxf4 {[%emt 0:00:01]} Rg6 {[%emt 0:00:01]} 37. Rxg6+ {[%emt 0:00:03]} Kxg6 {[%emt 0:00:00]} 38. a4 {[%emt 0:00:01]} Kf6 {[%emt 0:00:02]} 39. a5 {[%emt 0:00:01]} Ke7 {[%emt 0:00:00]} 40. a6 {[%emt 0:00:01]} Kd7 {[%emt 0:00:00]} 41. Kg5 {[%emt 0:00:01]} Kc7 {[%emt 0:00:02]} 42. Kxh5 {[%emt 0:00:00]} Kb8 {[%emt 0:00:01]} 43. Kg6 {[%emt 0:00:00]} Ka7 {[%emt 0:00:01]} 44. Kg7 {[%emt 0:00:00]} Kxa6 {[%emt 0:00:00]} 45. h4 {[%emt 0:00:01]} Ka5 {[%emt 0:00:00]} 46. h5 {[%emt 0:00:00]} Kb4 {[%emt 0:00:00]} 47. h6 {[%emt 0:00:00]} Kc3 {[%emt 0:00:00]} 48. h7 {[%emt 0:00:00]} Kxc2 {[%emt 0:00:00]} 49. h8=Q {[%emt 0:00:00]} Kd2 {[%emt 0:00:00]} 50. Qh3 {[%emt 0:00:01]} Kc2 {[%emt 0:00:02]} 51. Qe3 {[%emt 0:00:01]} Kb2 {[%emt 0:00:02]} 52. Kf6 {[%emt 0:00:00]} Kb1 {[%emt 0:00:04]} 53. Qd2 {[%emt 0:00:03]} Ka1 {[%emt 0:00:02]} 54. Ke5 {[%emt 0:00:01]} Kb1 {[%emt 0:00:01]} 55. Kd4 {[%emt 0:00:01]} Ka1 {[%emt 0:00:00]} 56. Kc3 {[%emt 0:00:02]} Kb1 {[%emt 0:00:00]} 57. Qb2# {[%emt 0:00:01] (Lag: Av=1.05s, max=2.0s)} 1-0

[Event "Is Bankasi Online Satranc Turn.13-14 Yas"]
[Site "T#645826Mustafa Kemal"]
[Date "2020.05.08"]
[Round "1"]
[White "Furkanyurtal88"]
[Black "Denizeroglu22"]
[Result "0-1"]
[WhiteElo "1620"]
[BlackElo "1162"]
[Annotator "NA RC"]
[PlyCount "54"]
[EventDate "2020.05.08"]
[EventType "swiss (blitz)"]

1. e4 {[%emt 0:00:04]} e5 {[%emt 0:00:02]} 2. Nf3 {[%emt 0:00:01]} Nc6 {[%emt 0:00:00]} 3. Bb5 {[%emt 0:00:03]} a6 {[%emt 0:00:03]} 4. Bxc6 {[%emt 0:00:01]} dxc6 {[%emt 0:00:00]} 5. O-O {[%emt 0:00:01]} Bd6 {[%emt 0:00:02]} 6. h4 {[%emt 0:00:01]} Nf6 {[%emt 0:00:01]} 7. Nc3 {[%emt 0:00:02]} h6 {[%emt 0:00:01]} 8. d3 {[%emt 0:00:01]} O-O {[%emt 0:00:01]} 9. Be3 {[%emt 0:00:03]} Bg4 {[%emt 0:00:01]} 10. d4 {[%emt 0:00:06]} exd4 {[%emt 0:00:05]} 11. Qxd4 {[%emt 0:00:01]} Bxf3 {[%emt 0:00:02]} 12. gxf3 {[%emt 0:00:01]} Re8 {[%emt 0:00:03]} 13. f4 {[%emt 0:00:04]} Ng4 {[%emt 0:00:06]} 14. e5 {[%emt 0:00:07]} Qxh4 {[%emt 0:00:02]} 15. Rfe1 {[%emt 0:00:08]} Be7 {[%emt 0:00:19]} 16. Ne4 {[%emt 0:00:08]} Rad8 {[%emt 0:00:04]} 17. Qc3 {[%emt 0:00:02]} Nxe3 {[%emt 0:00:04]} 18. Qxe3 {[%emt 0:00:05]} b6 {[%emt 0:00:12]} 19. a3 {[%emt 0:00:08]} Bc5 {[%emt 0:00:08]} 20. Nxc5 {[%emt 0:00:02]} bxc5 {[%emt 0:00:01]} 21. Qxc5 {[%emt 0:00:02]} Qxf4 {[%emt 0:00:01]} 22. Qxc6 {[%emt 0:00:03]} Rxe5 {[%emt 0:00:03]} 23. Qxa6 {[%emt 0:00:11]} Rd6 {[%emt 0:00:09]} 24. Qc8+ {[%emt 0:00:05]} Kh7 {[%emt 0:00:02]} 25. Qxc7 {[%emt 0:00:03]} Rxe1+ {[%emt 0:00:03]} 26. Rxe1 {[%emt 0:00:04]} Rg6+ {[%emt 0:00:03]} 27. Kf1 {[%emt 0:00:01]} Qxc7 {[%emt 0:00:01] Furkanyurtal88 terk eder (Lag: Av=0.51s, max=0.7s)} 0-1

[Event "Is Bankasi Online Satranc Turn.13-14 Yas"]
[Site "T#645826Mustafa Kemal"]
[Date "2020.05.08"]
[Round "1"]
[White "Gurkanzeybekci62"]
[Black "Metehanozen36"]
[Result "0-1"]
[WhiteElo "1620"]
[BlackElo "1848"]
[Annotator "NA RC"]
[PlyCount "58"]
[EventDate "2020.05.08"]
[EventType "swiss (blitz)"]

1. e4 {[%emt 0:00:03]} c5 {[%emt 0:00:02]} 2. Nf3 {[%emt 0:00:02]} Nc6 {[%emt 0:00:01]} 3. Nc3 {[%emt 0:00:03]} g6 {[%emt 0:00:01]} 4. Bc4 {[%emt 0:00:03]} Bg7 {[%emt 0:00:02]} 5. O-O {[%emt 0:00:05]} e6 {[%emt 0:00:01]} 6. b3 {[%emt 0:00:09]} Nge7 {[%emt 0:00:04]} 7. Bb2 {[%emt 0:00:02]} O-O {[%emt 0:00:05]} 8. Rb1 {[%emt 0:00:05]} d5 {[%emt 0:00:03]} 9. exd5 {[%emt 0:00:10]} exd5 {[%emt 0:00:03]} 10. Bb5 {[%emt 0:00:07]} a6 {[%emt 0:00:09]} 11. Bxc6 {[%emt 0:00:03]} Nxc6 {[%emt 0:00:01]} 12. Ne2 {[%emt 0:00:01]} d4 {[%emt 0:00:02]} 13. c3 {[%emt 0:00:04]} Bf5 {[%emt 0:00:06]} 14. d3 {[%emt 0:00:17]} dxc3 {[%emt 0:00:06]} 15. Bxc3 {[%emt 0:00:01]} Qxd3 {[%emt 0:00:06]} 16. Qxd3 {[%emt 0:00:07]} Bxd3 {[%emt 0:00:03]} 17. Bxg7 {[%emt 0:00:13]} Kxg7 {[%emt 0:00:07]} 18. Rbe1 {[%emt 0:00:09]} Rfe8 {[%emt 0:00:02]} 19. Ng3 {[%emt 0:00:29]} Bxf1 {[%emt 0:00:03]} 20. Nxf1 {[%emt 0:00:00]} Rxe1 {[%emt 0:00:04]} 21. Nxe1 {[%emt 0:00:00]} Nd4 {[%emt 0:00:01]} 22. Nd3 {[%emt 0:00:03]} Rc8 {[%emt 0:00:02]} 23. Ng3 {[%emt 0:00:04]} b5 {[%emt 0:00:03]} 24. h3 {[%emt 0:00:04]} c4 {[%emt 0:00:01]} 25. bxc4 {[%emt 0:00:02]} bxc4 {[%emt 0:00:01]} 26. Ne5 {[%emt 0:00:01]} c3 {[%emt 0:00:02]} 27. Kf1 {[%emt 0:00:12]} c2 {[%emt 0:00:01]} 28. Nd3 {[%emt 0:00:02]} c1=Q+ {[%emt 0:00:02]} 29. Nxc1 {[%emt 0:00:01]} Rxc1# {[%emt 0:00:01] (Lag: Av=0.54s, max=1.0s)} 0-1